Music Hits of the 2010s - Statistics

General Stats
  • This quiz has been taken 366 times
  • The average score is 8 of 15
Answer Stats
Artist and Year of Release Song % Correct
Adele (2015) Hello
92%
Kesha (2010) Tik Tok
79%
Ed Sheeran (2017) Shape Of You
78%
Lukas Graham (2015) 7 Years
72%
Gotye (2011) Somebody That I Used To Know
71%
Katy Perry (2013) Roar
68%
The Chainsmokers (2017) Closer
62%
Passenger (2012) Let Her Go
62%
Omi (2014) Cheerleader
52%
Dua Lipa (2017) New Rules
52%
Indina Menzel (2013) Let It Go
50%
Maroon 5 (2018) Girls Like You
44%
Far East Movement (2010) Like A G6
22%
Rhianna (2011) We Found Love
21%
Bebe Rexha (2017) Meant To Be
17%
No matching quizzes found
Score Distribution
Percent of People with Each Score
Percentile by Number Answered
Your Score History
You have not taken this quiz